Mathematical logic for computer science
Αποθηκεύτηκε σε:
| Κύριος συγγραφέας: | |
|---|---|
| Μορφή: | Βιβλίο |
| Γλώσσα: | English |
| Δημοσίευση: |
Singapors ; Teaneck, NJ. :
World Scientific,
c1989
|
| Θέματα: | |
| Ετικέτες: |
Προσθήκη ετικέτας
Δεν υπάρχουν, Καταχωρήστε ετικέτα πρώτοι!
|
MARC
| LEADER | 00000nam a2200000 i 4500 | ||
|---|---|---|---|
| 001 | 1/77815 | ||
| 008 | 990422s1989 eng d | ||
| 020 | |a 9971-5-0251-8 | ||
| 035 | |l 10050006 | ||
| 040 | |a GR-MY-UA |b gre |e aacr | ||
| 041 | 0 | |a eng | |
| 082 | 0 | |a 004.0151 | |
| 100 | 1 | |a Lu, Chung-wan. | |
| 245 | 1 | 0 | |a Mathematical logic for computer science / |c Lu Zhongwan |
| 260 | |a Singapors ; Teaneck, NJ. : |b World Scientific, |c c1989 | ||
| 300 | |a ix, 248 p.; |b ill.; |c 23 cm. | ||
| 500 | |a Includes bibliographical references (p. 229-230) and index. | ||
| 650 | 0 | 0 | |a Computer science |x Mathematics. |
| 650 | 0 | 0 | |a Logic, Symbolic and mathematical. |
| 852 | |a INST |b SAMOS |e 19990422 |h 004.0151 LUZ |p 005300014810 |q 005300014810 |t BK |y 0 | ||
| 901 | |a BIBL-1999-1 | ||
| 909 | |a Σ |b 064683 | ||
| 922 | |a 3ΕΛΗ |b 199903 |c ΚΠΣ |d GLORY | ||
| 950 | |a 116-1998-08-10 | ||